000 00915nam a22003017a 4500
001 BR7500610
003 BR-BrBNA
005 20230928084723.0
007 ta
008 230509b bl.||||| |||| 00| 0 por d
040 _aBR-BrBNA
_bpor
_cBiblioteca Nacional de Agricultura
041 _a(Por)
072 _aL00
_b5250
_b5240
_b/G514
090 _ 5250 BR7500610
110 1 _aSubsecretaria de Planejamento e Orcamento, Brasilia, DF (Brasil)
245 1 _aRoteiro analitico e metodologia para elaboracao do pragrama nacional de desenvolvimento da caprinocultura e ovinocultura deslanada [Brasil]
260 3 _aBrasilia, DF (Brasil):
_c1975.
300 _a180 p.
650 _aProducao animal
650 _aCabra
650 _aOvelha
650 _aCaprino
650 _aOvino
650 _aPrograma de pesquisa
650 _aPesquisa pecuaria
909 _a202309
_bLucia
_c55
_dLucia Elande
942 _cBK
999 _c20694
_d20694